| 000 | 00983cam a22002657a 4500 | ||
|---|---|---|---|
| 003 | MX-MxUPN | ||
| 005 | 20260430150311.0 | ||
| 008 | 250826s2012 mx|a|||| |||| 000 0 spa d | ||
| 020 | _a9786074259865 | ||
| 040 |
_aMX-MxUPN _bspa |
||
| 041 | 0 |
_aspa _aWixárika |
|
| 050 | 4 |
_aSB251 M6 _bP47 2012 |
|
| 100 | 1 |
_aMendoza Pérez, Claudia _959463 |
|
| 100 | 1 |
_aTovar Gómez, Ma. del Rosario _959464 |
|
| 100 | 1 |
_aAvilés Quezada, María Victoria _937359 |
|
| 100 | 1 |
_aTovar Gómez, Marcela _940914 |
|
| 100 | 1 |
_aGuzmán Mayo, Josué _959465 |
|
| 245 | 1 | 0 |
_aKuiemuxa : _balgodón nativo de México = Kuiemuxa : yeutánaka Mekiku muti y+y+ra |
| 250 | _aPrimera edición | ||
| 260 |
_aTepatitlán de Morelos, Jalisco : _bInstituto Nacional de Investigaciones Forestales, Agrícolas y Pecuarias , _c2012 |
||
| 300 |
_a36 páginas : _bilustraciones a color |
||
| 650 | 4 |
_aAlgodón _zMéxico _959462 |
|
| 902 |
_aMarielOrtiz/260825 _bVíctorGodínez/300426 |
||
| 942 |
_2lcc _cLIBRO |
||
| 999 |
_c213877 _d213877 |
||